000 00723nam a22002297a 4500
999 _c16897
_d16897
003 AR-CdUCM
008 190506b ||||| |||| 00| 0 spa d
040 _aMUNICIPALIDAD PROVINCIAL DEL CUSCO
_cBIBLIOTECA MUNICIPAL DEL CUSCO
082 _a843 /
_bG15
100 _aGalopin, A.
_936628
245 _aLa vuelta al mundo de dos pilletes /
260 _aBarcelona :
_bMateu,
300 _a287 páginas ;
_bIlustraciones,
_c19 cm.
440 _aColección juvenil cadete ;
_914092
505 _aContenido: Novela
650 _aNovela francesa
_92590
650 _aSiglo XX.
_98
700 _aVaulx, H. La
_936629
700 _aRosell Pesant, Manuel (traductor)
_936630
942 _2ddc
_cLIBROS
945 _aacv
_d2019-05-06